| 000 | 00413nam a22001457a 4500 | ||
|---|---|---|---|
| 005 | 20150226101401.0 | ||
| 008 | 150226b xxu||||| |||| 00| 0 eng d | ||
| 040 | _cPK-LaUMT | ||
| 082 |
_aKHC 954.918 _bSAR-S |
||
| 100 | _aساراانصاری | ||
| 245 |
_aسندھی پیر اور برطانوی راج _cساراانصاری |
||
| 260 |
_aلاہور _bفکشن ہاوس _c1996 |
||
| 300 | _a224 ص | ||
| 942 | _cBK | ||
| 999 |
_c66583 _d66583 |
||